01280cam a2200301 a 4500001001000000003000400010005001700014008004100031020001800072040004400090082002300134100003200157245007100189246003600260260005800296300003300354500002800387650005600415650004800471650004900519650002200568653002000590655002400610942002300634999001700657952014400674952016000818016111285OSt20150407153852.0130222r20142013stka f 000 0 eng d a9780702043390 aStDuBDSbengcStDuBDSdStEdNLdEG-ScBUE00a612.63076bRAN2221 aRankin, Jean,d1953-93641010aMyles midwifery :banatomy and physiology workbook /cJean Rankin.30aAnatomy and physiology workbook aEdinburgh :bChurchill Livingstone / Elsevier,c2014. avi, 238 p. :bill. ;c28 cm. aReprint of the 2013 ed. 0aWomenxPhysiologyvProblems, exercises, etc.936411 0aPregnancyvProblems, exercises, etc.936415 0aChildbirthvProblems, exercises, etc.936413 0aMidwifery.936414 bNNURcApril2015 vreading book934232 2ddck612.63076 RAN c19172d19144 00102ddc40708BaccahaMAINbMAINc1STd2015-04-07epurchaseg230.00h21925l0o612.63076 RANp000037941r2025-07-15 00:00:00v287.50yBB 00102ddc40708BaccahaMAINbMAINc1STd2015-04-07epurchaseg230.00h21925l3m31o612.63076 RANp000037942r2025-07-15 00:00:00s2022-12-14v287.50yBB